[Event "Catarinense-ch U20"]
[Site "Concordia"]
[Date "2013.05.18"]
[Round "3"]
[White "Naissinger, William Quevedo"]
[Black "Goncalves, Davi Sulzbacher"]
[Result "1-0"]
[WhiteElo "1978"]
[BlackElo "1883"]
[PlyCount "87"]
[EventDate "2013.05.17"]
[EventType "swiss"]
[EventRounds "6"]
[EventCountry "BRA"]
[SourceTitle "EXT 2015"]
[Source "ChessBase"]
[SourceDate "2014.11.20"]
[SourceVersion "1"]
[SourceVersionDate "2014.11.20"]
[SourceQuality "1"]

1. e4 c5 2. Nf3 a6 3. c4 e6 4. Nc3 Be7 5. d4 cxd4 6. Nxd4 Qc7 7. Be3 Nf6 8. Bd3 d6 9. 0-0 Nbd7 10. f3 b6 11. Qe2 Bb7 12. Rac1 0-0 13. f4 Nc5 14. Bf2 Rac8 15. b3 Rfd8 16. Bb1 Ncd7 17. f5 e5 18. Nc2 b5 19. Nd5 Nxd5 20. cxd5 Bg5 21. Rcd1 Nc5 22. Ne3 a5 23. Qh5 Be7 24. Ng4 Nd7 25. Bh4 Bxh4 26. Qxh4 Qc5+ 27. Kh1 f6 28. Rf3 Qd4 29. Ne3 Qb2 30. Rh3 Nf8 31. Bd3 Rc1 32. Rf1 Rdc8 33. Rg3 Rxf1+ 34. Bxf1 Qb1 35. Qxf6 Rc7 36. Qg5 b4 37. f6 g6 38. Rf3 Ba6 39. Ng4 Bxf1 40. f7+ Rxf7 41. Nh6+ Kh8 42. Nxf7+ Kg8 43. Nh6+ Kg7 44. Qf6+ 1-0

[Event "Catarinense-ch U20"]
[Site "Lacerdapolis"]
[Date "2012.05.04"]
[Round "1"]
[White "Naissinger, William Quevedo"]
[Black "Ferri, Victor Hugo"]
[Result "1-0"]
[WhiteElo "1940"]
[BlackElo "1800"]
[PlyCount "81"]
[EventDate "2012.05.04"]
[EventType "swiss"]
[EventRounds "6"]
[EventCountry "BRA"]
[SourceTitle "CBM 148 Extra"]
[Source "ChessBase"]
[SourceDate "2012.06.22"]
[SourceVersion "1"]
[SourceVersionDate "2012.06.22"]
[SourceQuality "1"]

1. e4 e6 2. d4 d5 3. exd5 exd5 4. Bd3 Bd6 5. Nf3 Nf6 6. 0-0 0-0 7. Bg5 Bg4 8. Nbd2 Nbd7 9. c3 c6 10. Qc2 Qc7 11. h3 Bh5 12. Nh4 Rfe8 13. Rfe1 a6 14. Nf5 Bg6 15. Nxd6 Qxd6 16. Bxg6 hxg6 17. Bh4 Rxe1+ 18. Rxe1 Re8 19. Qd1 Rxe1+ 20. Qxe1 Qe6 21. Qxe6 fxe6 22. Nb3 b6 23. Nc1 e5 24. dxe5 Nxe5 25. Bg3 Nfd7 26. Kf1 Kf7 27. Ke2 Ke6 28. b3 Nc5 29. f3 Ncd7 30. Ke3 g5 31. Ne2 Ng6 32. Nd4+ Kf6 33. Nxc6 Ne7 34. Nxe7 Kxe7 35. Kd4 Ke6 36. Bc7 b5 37. Bd8 Nf6 38. Bxf6 gxf6 39. g3 Kd6 40. h4 gxh4 41. gxh4 1-0